| 000 | 00435nam a2200157Ia 4500 | ||
|---|---|---|---|
| 008 | 230312s9999||||xx |||||||||||||| ||und|| | ||
| 020 | _a1-85669-692-0 | ||
| 082 |
_a728.3 _bMCL-E |
||
| 100 | _aMcLeod;Virginia | ||
| 245 | 0 | _aEncyclopedia of Detail in Contemporary Residential Architecture | |
| 260 |
_bLaurence King _aChina _c2010 |
||
| 300 | _a352 | ||
| 546 | _aEng. | ||
| 650 |
_aArchitecture _vResidential Architecture |
||
| 942 | _cBK | ||
| 999 |
_c8219 _d8219 |
||